| 000 | 00389nam a2200145Ia 4500 | ||
|---|---|---|---|
| 008 | 150201s2000 xx 000 0 und d | ||
| 082 |
_a617.6 _bD2000G |
||
| 100 | _aGARDENER,ALVIN,F. | ||
| 245 | _aDENTAL EXAMINATION REVIEW | ||
| 250 | _a6TH | ||
| 260 |
_bC.B.S PUBLISHERS & DISTRIBUTERS _aDARYAGANJ (NEW DELHI) _c2000 |
||
| 300 | _a1-500 | ||
| 650 | _aGENERAL DENTISTRY | ||
| 942 |
_2ddc _cBK |
||
| 999 |
_c2800 _d2800 |
||